000 00245nam a22001097a 4500
008 170126b xxu||||| |||| 00| 0 eng d
020 _a9780824704018
041 _aeng
080 _a61
245 _aLUNG SUFACTANCTS
_cNOTTER, R.H
942 _2udc
_cBK
999 _c3732
_d3732